|
|
|
|
| LEADER |
02680nam a22005775i 4500 |
| 001 |
978-3-662-44885-4 |
| 003 |
DE-He213 |
| 005 |
20151030201116.0 |
| 007 |
cr nn 008mamaa |
| 008 |
140827s2014 gw | s |||| 0|eng d |
| 020 |
|
|
|a 9783662448854
|9 978-3-662-44885-4
|
| 024 |
7 |
|
|a 10.1007/978-3-662-44885-4
|2 doi
|
| 040 |
|
|
|d GrThAP
|
| 050 |
|
4 |
|a QA76.9.A25
|
| 072 |
|
7 |
|a UR
|2 bicssc
|
| 072 |
|
7 |
|a UTN
|2 bicssc
|
| 072 |
|
7 |
|a COM053000
|2 bisacsh
|
| 082 |
0 |
4 |
|a 005.8
|2 23
|
| 245 |
1 |
0 |
|a Communications and Multimedia Security
|h [electronic resource] :
|b 15th IFIP TC 6/TC 11 International Conference, CMS 2014, Aveiro, Portugal, September 25-26, 2014. Proceedings /
|c edited by Bart De Decker, André Zúquete.
|
| 264 |
|
1 |
|a Berlin, Heidelberg :
|b Springer Berlin Heidelberg :
|b Imprint: Springer,
|c 2014.
|
| 300 |
|
|
|a XII, 157 p. 37 illus.
|b online resource.
|
| 336 |
|
|
|a text
|b txt
|2 rdacontent
|
| 337 |
|
|
|a computer
|b c
|2 rdamedia
|
| 338 |
|
|
|a online resource
|b cr
|2 rdacarrier
|
| 347 |
|
|
|a text file
|b PDF
|2 rda
|
| 490 |
1 |
|
|a Lecture Notes in Computer Science,
|x 0302-9743 ;
|v 8735
|
| 520 |
|
|
|a This book constitutes the refereed proceedings of the 15th IFIP TC 6/TC 11 International Conference on Communications and Multimedia Security, CMS 2014, held in Aveiro, Portugal, in September 2014. The 4 revised full papers presented together with 6 short papers, 3 extended abstracts describing the posters that were discussed at the conference, and 2 keynote talks were carefully reviewed and selected from 22 submissions. The papers are organized in topical sections on vulnerabilities and threats, identification and authentification, applied security.
|
| 650 |
|
0 |
|a Computer science.
|
| 650 |
|
0 |
|a Computer communication systems.
|
| 650 |
|
0 |
|a Computer security.
|
| 650 |
|
0 |
|a Data encryption (Computer science).
|
| 650 |
|
0 |
|a Biometrics (Biology).
|
| 650 |
|
0 |
|a Management information systems.
|
| 650 |
|
0 |
|a E-commerce.
|
| 650 |
1 |
4 |
|a Computer Science.
|
| 650 |
2 |
4 |
|a Systems and Data Security.
|
| 650 |
2 |
4 |
|a Biometrics.
|
| 650 |
2 |
4 |
|a Computer Communication Networks.
|
| 650 |
2 |
4 |
|a e-Commerce/e-business.
|
| 650 |
2 |
4 |
|a Data Encryption.
|
| 650 |
2 |
4 |
|a Management of Computing and Information Systems.
|
| 700 |
1 |
|
|a Decker, Bart De.
|e editor.
|
| 700 |
1 |
|
|a Zúquete, André.
|e editor.
|
| 710 |
2 |
|
|a SpringerLink (Online service)
|
| 773 |
0 |
|
|t Springer eBooks
|
| 776 |
0 |
8 |
|i Printed edition:
|z 9783662448847
|
| 830 |
|
0 |
|a Lecture Notes in Computer Science,
|x 0302-9743 ;
|v 8735
|
| 856 |
4 |
0 |
|u http://dx.doi.org/10.1007/978-3-662-44885-4
|z Full Text via HEAL-Link
|
| 912 |
|
|
|a ZDB-2-SCS
|
| 912 |
|
|
|a ZDB-2-LNC
|
| 950 |
|
|
|a Computer Science (Springer-11645)
|